Stretnutie

Bibliographic Details
Main Author: Horváthová, Mária (Author)
Format: Book
Language:Slovak
PhysicalDescription:41 s. ilustr., fotogr. 30 cm
Published: Bratislava Spolok výtvarníkov Slovenska 2009
Edition:[1. vyd.]
Subjects:

MARC

LEADER 00000nam a2200000 a 4500
001 vtls010304038
003 SK-MaSNL
005 20260425223134.0
008 240315s2007 xo a 000 0 slo
020 |q (brož.) 
040 |a SNK  |b slo  |c SNK  |e AACR2 
041 0 |a slo 
044 |a xo  |c SK 
072 7 |a 72/76  |x Výtvarné umenie  |2 konspekt 
080 |a 72/76(437.6)  |2 2001 
080 |a 72/76.071.1  |2 2001 
080 |a (437.6)  |2 2001 
080 |a (083.824)  |2 2001 
100 1 |a Horváthová, Mária  |4 aut  |9 269125 
245 1 0 |a Stretnutie  |c [koncepcia a text Mária Horváthová] 
250 |a [1. vyd.] 
260 |a Bratislava  |b Spolok výtvarníkov Slovenska  |c 2009 
300 |a 41 s.  |b ilustr., fotogr.  |c 30 cm 
650 0 7 |a slovenské výtvarné umenie  |2 SNKPH  |9 68597 
650 0 7 |a výtvarníci  |2 SNKPH  |9 118705 
650 0 7 |a Slovak art  |2 SNKPHeng  |9 275442 
650 0 7 |a Artists  |2 SNKPHeng  |9 265151 
651 7 |a Slovensko  |2 SNKPH  |9 14231 
651 7 |a Slovakia  |2 SNKPHeng  |9 92630 
655 7 |a katalógy výstav  |2 SNKPH  |9 70445 
655 7 |a Exhibition catalogs  |2 SNKPHeng  |9 266232 
999 |c 577640  |d 579570 
952 |a SNK  |b SNK  |y PREZ  |7 0  |p 17A0631813  |o snkOSB 16426  |i snk2011/17670  |8 1  |0 0  |1 0  |4 0  |d 2011-08-17  |l 0  |r 2026-02-23 14:38:49  |w 2026-02-23